Normal view
MARC view
Entry Término temático
001 - NÚMERO DE CONTROL
- campo de control: 86977
003 - IDENTIFICADOR DEL NÚMERO DE CONTROL
- campo de control: DO-SdBNP
005 - FECHA Y HORA DE LA ÚLTIMA TRANSACCIÓN
- campo de control: 20250213124723.0
008 - DATOS DE LONGITUD FIJA
- campo de control de longitud fija: 250213|| aca||aabn | a|a d
040 ## - FUENTE DE LA CATALOGACIÓN
- Centro catalogador/agencia de origen: DO-SdBNP
- Centro/agencia transcriptor: DO-SdBNP
150 ## - ENCABEZAMIENTO--TÉRMINO DE MATERIA
- Término de materia o nombre geográfico como elemento de entrada: Políticos
- Subdivisión geográfica: Puerto Rico
- Subdivisión de forma: Biografías
670 ## - FUENTE DE DATOS ENCONTRADOS
- Cita de la fuente: Work cat.: (DO-SdBNP)58114: Hablan sobre Albizu Campos /
